000 00780nam a2200217 i 4500
001 171921
003 ES-MaACL
005 20250807235855.0
008 090608s1984 sp |||| | spa d
017 _aM 20938-1984
020 _a84-220-1115-8
100 0 _aCollantes, Justo.
_939669
245 1 0 _aLa fe de la Iglesia Católica
_b: las ideas y los hombres en los documentos doctrinales del Magisterio /
_cpor Justo Collantes.
250 _a2ª ed.
260 _aMadrid :
_bLa Editorial Católica,
_c1984.
300 _aXXXV, 904 p. ;
_c20 cm.
490 1 _aBiblioteca de autores cristianos ;
_v446.
_aHistoria salutis
830 0 0 _aBiblioteca de autores cristianos.
_pHistoria salutis
_v446.
_9178685
852 _aES-MaACL
_jJ-435
_9R.46092
999 _c171921
_d171921